000 00741cam a22002531 4500
001 16677
003 BD-RjUL
005 20211209000035.0
008 140215r19691959nyua 001 0 eng
035 _a(BD-RjUL)16732
035 _a(OCoLC)1289187
040 _aDLC
_cOAkU
_dOCoLC
_dNjDPA
_dUk
_dDLC
_dBD-RjUL
_beng
041 _aeng
082 _a678.082
_bINT
100 1 _aMorton, Maurice,
_951514
245 1 0 _aIntroduction to rubber technology /
260 _aNew York :
_bReinhold Pub. Corp.,
_cc1959[reprinted 1969]
300 _a547 p. :
_billus. ;
_c24 cm.
504 _aIncludes bibliography and index.
650 0 _aRubber industry and trade.
_912779
740 0 _aRubber technology.
942 _2ddc
_cBK
999 _c16677
_d16677